<?xml version="1.0" encoding="UTF-8"?>
<record
    xmlns:xsi="http://www.w3.org/2001/XMLSchema-instance"
    xsi:schemaLocation="http://www.loc.gov/MARC21/slim http://www.loc.gov/standards/marcxml/schema/MARC21slim.xsd"
    xmlns="http://www.loc.gov/MARC21/slim">

  <leader>01086nam a22002537a 4500</leader>
  <controlfield tag="008">150611b2006    sp ||||| |||| 00| 0 spa d</controlfield>
  <datafield tag="020" ind1=" " ind2=" ">
    <subfield code="a">8449318335</subfield>
  </datafield>
  <datafield tag="082" ind1=" " ind2=" ">
    <subfield code="a">791.4 J948q</subfield>
  </datafield>
  <datafield tag="100" ind1=" " ind2=" ">
    <subfield code="a">Jullier, Laurent</subfield>
    <subfield code="e">autor</subfield>
  </datafield>
  <datafield tag="245" ind1=" " ind2=" ">
    <subfield code="a">&#xBF;Qu&#xE9; es una buena pel&#xED;cula?</subfield>
    <subfield code="c">/ Laurent Jullier; traducci&#xF3;n de Miguel Rubio </subfield>
  </datafield>
  <datafield tag="260" ind1=" " ind2=" ">
    <subfield code="a">Barcelona, Espa&#xF1;a</subfield>
    <subfield code="b">: Ediciones Pa&#xED;dos Iberica</subfield>
    <subfield code="c">, 2006</subfield>
  </datafield>
  <datafield tag="300" ind1=" " ind2=" ">
    <subfield code="a">229 p&#xE1;ginas</subfield>
  </datafield>
  <datafield tag="337" ind1=" " ind2=" ">
    <subfield code="a">texto</subfield>
  </datafield>
  <datafield tag="338" ind1=" " ind2=" ">
    <subfield code="a">sin medio</subfield>
  </datafield>
  <datafield tag="339" ind1=" " ind2=" ">
    <subfield code="a">volumen</subfield>
  </datafield>
  <datafield tag="440" ind1=" " ind2=" ">
    <subfield code="a">(Pa&#xED;dos comunicaci&#xF3;n;167) </subfield>
  </datafield>
  <datafield tag="440" ind1=" " ind2=" ">
    <subfield code="a">(Pa&#xED;dos comunicaci&#xF3;n cine, 167)</subfield>
  </datafield>
  <datafield tag="500" ind1=" " ind2=" ">
    <subfield code="a">Titulo Original : Qu&#xB4;est-ce qu&#xB4;un bon film?
Publicado en franc&#xE9;s en 2002, por la Dispute Par&#xED;s 
Incluye bibliograf&#xED;a p.225-229</subfield>
  </datafield>
  <datafield tag="505" ind1=" " ind2=" ">
    <subfield code="a">Antes de evaluar un pel&#xED;cula.
Dos criterios ordinarios.
Dos criterios comunes.
Dos criterios distinguidos.
Las condiciones reales de enunciaci&#xF3;n del juicio del gusto.
</subfield>
  </datafield>
  <datafield tag="650" ind1="1" ind2="4">
    <subfield code="a">CRITICA DE CINE</subfield>
  </datafield>
  <datafield tag="700" ind1=" " ind2=" ">
    <subfield code="a"> Rubio, Miguel</subfield>
    <subfield code="e">,  traductor</subfield>
  </datafield>
  <datafield tag="942" ind1=" " ind2=" ">
    <subfield code="2">ddc</subfield>
    <subfield code="c">LB</subfield>
  </datafield>
  <datafield tag="952" ind1=" " ind2=" ">
    <subfield code="0">0</subfield>
    <subfield code="1">0</subfield>
    <subfield code="2">ddc</subfield>
    <subfield code="4">0</subfield>
    <subfield code="7">0</subfield>
    <subfield code="a">01</subfield>
    <subfield code="b">01</subfield>
    <subfield code="d">2015-06-11</subfield>
    <subfield code="l">0</subfield>
    <subfield code="o">791.4 J948q</subfield>
    <subfield code="p">01 003195</subfield>
    <subfield code="r">2015-06-11</subfield>
    <subfield code="t">1</subfield>
    <subfield code="w">2015-06-11</subfield>
    <subfield code="y">LB</subfield>
  </datafield>
  <datafield tag="999" ind1=" " ind2=" ">
    <subfield code="c">96856</subfield>
    <subfield code="d">96856</subfield>
  </datafield>
</record>
